000 00962nam a2200265 a 4500
999 _c381482
_d381482
003 BLK
005 20231011171916.0
008 200811b bu |||||r|||| 00| | bu d
020 _a9786191931446
040 _aBLK
041 _aBUL
_cBUL
080 _aИздания за деца и юноши. Книжки-картинки. Читанки. Вж и 372.4
_b087.5
_z087.5
139 _aГероичното приключение на Фин
_bГ 41
245 _aГероичното приключение на Фин
257 _aUSA
260 _9216189
_aСофия
_bСтудио Арт Лайн
_c2019
_dАртлайн Студиос
_n978-954-2908- ; 978-954-92533-
300 _a40 с.
_c29 см
_bс ил.
380 _a0
490 _9433401
_aAdventure Time
500 _aИзд. на Cartoon Network.
942 _cKNG
_n0
_s1
_018
944 _c2020-08-11
_k30537
_lГрета Цуфелде
999 _d381482
999 _d381482